Sports Quiz

Random Sports or Football Quiz

Premier League Team by Graph Quiz Stats

 Plays Quiz Updated May 14, 2014

Support Sporcle.
Go Orange.
Score 0/16 Timer 08:00
8 Plays Today
% Correct
Manchester United
99.3%
Manchester City
79.7%
Liverpool FC
77.3%
Chelsea FC
70.7%
Aston Villa FC
69.9%
Blackburn Rovers
62.9%
Newcastle United
58.7%
Leeds United
53.3%
% Correct
West Ham United
48.9%
Fulham FC
48.3%
Southampton FC
45.9%
Bolton Wanderers
35.7%
Ipswich Town
31.3%
Wigan Athletic
30.7%
Bradford City
26.4%
Nottingham Forest
23.8%

You're not logged in!

Compare scores with friends on all Sporcle quizzes.
OR
Log In

From the Vault

Mixed Word: Stuck In My Teeth

by needapausebutton

Hopefully nothing left over from Thanksgiving is stuck.
Remove Ads.
Support Sporcle.
Get the best of Sporcle when you Go Orange. This ad-free experience offers more features, more stats, and more fun while also helping to support Sporcle. Thank you for becoming a member.

Show Comments

Extras

Top Quizzes Today


Score Distribution

Your Account Isn't Verified!

In order to create a playlist on Sporcle, you need to verify the email address you used during registration. Go to your Sporcle Settings to finish the process.

Report this User

Report this user for behavior that violates our Community Guidelines.

Details: